000 00789 a2200217 4500
005 20080908143928.0
008 080908t xxu||||| |||| 00| 0 eng d
010 _aENG-87643
020 _c299.00
_a0070659818
035 _aEN-71176
037 _bD.B.Act / Pub
082 _a658.8
100 _aSugars, Bradley J.
245 _aInstant cashflow
_cby Bradley J. Sugars
260 _aNew Delhi
_bTata McGraw-Hill Publishing
_c2007
270 _a7, West Patel Nagar
_bNew Delhi
_e110008
300 _axv, 221 p.
_c23 cm. (Pbk)
500 _aIncludes index
942 _adpl
_cEN
_k658.8 / SUG
_2ddc
_h658.8
_mSUG
999 _c6770
_d6770